000 01564nam a2200481 i 4500
001 5655
003 KOSZ 005
005 20190807114044.0
008 970513s1991 pl a f |000 0 pol
015 _aPB 1992/47
020 _a8370173349
035 _a991001174149705066
035 _a(PL-WaBN)b1034651x-48omnis_nlop
035 _ab1034651x
035 _a(OCoLC)834073244
035 _a(PL)b0000001034651
035 _a(EXLNZ-48OMNIS_NETWORK)9910415102205606
040 _aWA N
_cWA N
_dKOSZ 005/EG
046 _k1990
080 _a339.13
080 _a(075.8)
245 1 0 _aWęzłowe problemy marketingu :
_bpraca zbiorowa /
_cpod red. Macieja Rydla ; Uniwersytet Gdański.
250 _a[Wyd. 2].
260 _aGdańsk :
_bWydaw. UG,
_c1991.
300 _a256 s. :
_b3 rys., 3 wykr. ;
_c24 cm.
336 _2rdacontent
_aTekst
_btxt
337 _2rdamedia
_aBez urządzenia pośredniczącego
_bn
338 _2rdacarrier
_aWolumin
_bnc
380 _aKsiążki
380 _aPublikacje dydaktyczne
385 _mPoziom nauczania
_aSzkoły wyższe
388 _a1901-2000
388 _a1989-2000
504 _aBibliogr. s. 254-256.
650 7 _aMarketing
_2DBN
655 7 _aPodręczniki akademickie
_2DBN
658 _aZarządzanie i marketing
700 1 _aRydel, Maciej
_d(1943- )
_eRedakcja
710 2 _aWydawnictwo Uniwersytetu Gdańskiego
856 _uhttp://koha.tu.koszalin.pl/cgi-bin/koha/opac-detail.pl?biblionumber=5655
_yKatalog online BPK
942 _2UKD
_cKS
999 _c5655
_d5655